Factores del proceso educativo chileno y sus efectos en el rendimiento de los alumnos

-д хадгалсан:
Номзүйн дэлгэрэнгүй
Үндсэн зохиолчид: Schiefelbein F., Ernesto (Зохиогч), Farrel, Joseph (Зохиогч)
Формат: Ном
Хэл сонгох:испани
Хэвлэсэн: Santiago Ministerio de Educación 1973
Нөхцлүүд:
Шошгууд: Шошго нэмэх
Шошго байхгүй, Энэхүү баримтыг шошголох эхний хүн болох!

MARC

LEADER 00000nam a2200000 a 4500
001 UCY1334
003 CL-VaPUC
008 940829e19730000CL |||||||||||||||||spa|d
082 0 4 |a 371.26  |b SCH  |2 21 
100 0 |a Schiefelbein F., Ernesto  |e author  |9 329285 
700 0 |a Farrel, Joseph  |e author  |9 329286 
245 1 0 |a Factores del proceso educativo chileno y sus efectos en el rendimiento de los alumnos 
300 |a 185 p 
942 |c BK 
945 |d 19940829 00:00:00  |a rbrito 
260 |a Santiago  |b Ministerio de Educación  |c 1973 
650 7 |a RENDIMIENTO EN EDUCACION  |2 CL-VaPUC  |9 308605 
651 7 |a CHILE  |2 CL-VaPUC  |9 329287 
583 |a last modification  |c 19940829 00:00:00  |k Rodrigo Vera 
999 |c 230072  |d 230070 
952 |0 0  |1 0  |4 0  |6 371_260000000000000_SCH_1973  |7 0  |8 P  |9 231936  |a BIBEDU  |b BIBEDU  |c BIBEDU_PB  |d 2019-11-15  |i 1609319  |o 371.26 SCH 1973  |p 1609319  |r 2024-01-25  |w 2019-11-15  |y BK  |k EDU